[Event "Titled Tuesday intern op 6th Aug"]
[Site "Chess.com INT"]
[Date "2019.08.06"]
[Round "5"]
[White "Landaw, Julian W"]
[Black "Arnold, Ken"]
[Result "1/2-1/2"]
[WhiteElo "2318"]
[BlackElo "2393"]
[PlyCount "133"]
[EventDate "2019.08.06"]
[EventType "swiss (blitz)"]
[EventRounds "10"]
[EventCountry "USA"]
[SourceTitle "EXT 2021"]
[Source "ChessBase"]
[SourceDate "2020.10.23"]
[SourceVersion "1"]
[SourceVersionDate "2020.10.23"]
[SourceQuality "1"]

1. e4 c6 2. d4 d5 3. exd5 cxd5 4. Bd3 Nf6 5. c3 Nc6 6. Bf4 g6 7. Nf3 Bg7 8. 0-0 0-0 9. Re1 Bg4 10. Nbd2 e6 11. Qb3 Na5 12. Qa4 a6 13. Ne5 Bf5 14. Bxf5 gxf5 15. b4 Nc4 16. Ndxc4 b5 17. Qc2 dxc4 18. Bg5 Qc7 19. Bxf6 Bxf6 20. a4 a5 21. axb5 axb4 22. Rxa8 Rxa8 23. cxb4 Bxe5 24. dxe5 Qxe5 25. Qc1 Qxb5 26. Qg5+ Kf8 27. Qf6 Qxb4 28. Rd1 Qa4 29. Rb1 Qc6 30. h4 c3 31. Rc1 c2 32. Rxc2 Qxc2 33. Qh8+ Ke7 34. Qxa8 Qc1+ 35. Kh2 Qf4+ 36. Kg1 Qxh4 37. Qg8 Qh6 38. Qh8 Qg6 39. Qc8 h5 40. Qc5+ Kf6 41. Qc3+ Kg5 42. Qc1+ f4 43. Kh2 Qf5 44. Qc7 Kg6 45. Qd8 Kg7 46. Qd4+ e5 47. Qd8 Qf6 48. Qd7 Qg5 49. Qd6 h4 50. Qd7 Kg6 51. Qc8 Kg7 52. Qd7 Qf6 53. Qg4+ Kh6 54. Qc8 f3 55. gxf3 Qf4+ 56. Kg2 Qg5+ 57. Kh2 Kg6 58. Qg8+ Kf6 59. Qd8+ Kf5 60. Qd3+ Kf6 61. Qd8+ Kg6 62. Qg8+ Kh5 63. Qh7+ Qh6 64. Qf5+ Qg5 65. Qh7+ Qh6 66. Qf5+ Qg5 67. Qh7+ 1/2-1/2